000 00581ntaaa2200181 4500
003 01
005 20251027202246.0
008 0714s1973 ag 01
040 _aAR-BaBN
_bspa
_cAR-BaBN
_eaacr
_dRIC
082 _a268.4320 C76t
100 _aConvención Evangélica Bautista Departamento de Educación Cristiana
_920984
245 _aTaller de educación cristiana
250 _a1 ed.
260 _aBuenos Aires :
_bConvención Evangélica Bautista Departamento de Educación Cristiana,
_c198-
300 _a123 p ;
_c28,5 cm
650 _aeducacion cristiana-niños
942 _cBK
999 _c17374
_d17374